1063 1754 1397 1324 1984 1411 1802 1146 1344 1936 1558 1092 1398 1583 1196 1265 1831 1257 1247 1088 1407 1368 1711 1941 1628 1390 1241 1982 1191 1396 1980 1648 1680 1037 1487 1157 1624 1104 1040 1389 1920 1854 1260 1802 1400 1841 1859 1189 1394 1465 1351 1776 1149 1310 1925 1858 1477 1005 1546 1190 1004 1325 1519 1402 1741 1795 1490 1067 1451 1829 1076 1218 1397 1291 1030 1889 1512 1898 1728 1945 1167 1560 1311 1297 1005 1136 1813 1636 1579 1152 1409 1645 1255 1952 1843 1451 1636 1668 1639 BCNSPRNW ULIB Ver.6.0+V

เปลี่ยนเป็นภาษาไทย

Change to English
 แสดงรายละเอียดบรรณานุกรม
  กลับหน้าหลัก

Brief Record : Get Marc (ISO 2709) : E-mail record : QR code < ปิดหน้าต่าง
LEADER : 00000nam 2200000uu 4500
001    13399122892
003     ULIB
008    131025s2549||||th 000 0 tha d
020    ^a974-415-106-4 : ^c400 บาท
050  4 ^aSB409^bร243ก
100  0  ^aระพี สาคริก
245  1  ^aกล้วยไม้สำหรับผู้เริ่มต้น /^cระพี สาคริก.
250    ^aพิมพ์ครั้งที่ 3.
260    ^aกรุงเทพฯ : ^bโครงการส่งเสริมคุณธรรมและการศึกษา, ^c2549.
300    ^a222 หน้า : ^bภาพประกอบ.
650    4 ^aกล้วยไม้
650    4 ^aกล้วยไม้^xการเลี้ยง
650    4 ^aกล้วยไม้^xการขยายพันธุ์
945    ^p400^l0^i034110
999    ^aเกษร โพธิ์สุวรรณ
รายการนี้ยังไม่มีแท็ก
คุณยังไม่ได้ล็อกอิน คุณสามารถมีกิจกรรมร่วมกับเว็บไซต์ได้ แต่ต้องล็อกอินก่อน ::
  ล็อกอิน

รายการสื่อสารสนเทศ

ลำดับที่ ประเภท เลขเรียก/บาร์โค้ด สถานที่ สถานะ
1. Book การพยาบาล
หนังสือสำรอง
สถานะ=หนังสือสำรอง
SB409 ร243ก ฉ.1 
  Barcode: 034110
ห้องสมุดวิทยาเขตสวรรค์ประชารักษ์
►หนังสือทั่วไป
บนชั้น

รายการใกล้เคียง
    ผู้แต่ง [ระพี สาคริก]

BibComment


ยังไม่เคยถูกคอมเมนท์

คอมเมนท์ทรัพยากรรายการนี้
  คอมเมนท์: กล้วยไม้สำหรับ..


 Copyright 2026. Bcnsprnw @Library